Central Library OPAC University of Rajshahi

Fundamentals of tool design : (Record no. 67980)

MARC details
000 -LEADER
fixed length control field 01157nam a2200265 a 4500
001 - CONTROL NUMBER
control field 67980
003 - CONTROL NUMBER IDENTIFIER
rucl marc code BD-RjUL
005 - DATE AND TIME OF LATEST TRANSACTION
control field 20211209081722.0
008 - FIXED-LENGTH DATA ELEMENTS--GENERAL INFORMATION
fixed length control field 170329s1964 ii a b 001 0 eng d
035 ## - SYSTEM CONTROL NUMBER
System control number (BD-RjUL)68189
040 ## - CATALOGING SOURCE
Original cataloging agency DLC
Transcribing agency OYU
Modifying agency OCoLC
-- BD-RjUL
Language of cataloging eng
041 ## - LANGUAGE CODE
Language code of text/sound track or separate title eng
082 ## - DEWEY DECIMAL CLASSIFICATION NUMBER
Classification number 621.9
Edition number 23
Author mark and year FUN 1964
245 10 - TITLE STATEMENT
Title Fundamentals of tool design :
Remainder of title concerning the theory, principles, and techniques for the modern design of cutting tools, cutting and forming dies, fixtures, and other related tooling /
Statement of responsibility, etc. Prepared under auspices of: Textbooks Subcommittee, Technical Publications Committee, American Society of Tool and Manufacturing Engineers. Frank W. Wilson, editor-in-chief.
260 ## - PUBLICATION, DISTRIBUTION, ETC. (IMPRINT)
Place of publication, distribution, etc. New Delhi :
Name of publisher, distributor, etc. Prentice-Hall,
Date of publication, distribution, etc. 1964.
300 ## - PHYSICAL DESCRIPTION
Pagination vi, 492 p. :
Illustrations ill. ;
Size 24 cm.
490 1# - SERIES STATEMENT
Series statement A.S.T.M.E. manufacturing engineering series
504 ## - BIBLIOGRAPHY, ETC. NOTE
Bibliography, etc Includes bibliography and Index.
650 ## - SUBJECT ADDED ENTRY--TOPICAL TERM
Topical term or geographic name as entry element Tools
9 (RLIN) 201494
700 ## - ADDED ENTRY--PERSONAL NAME
Personal name Wilson, Frank W.
710 ## - ADDED ENTRY--CORPORATE NAME
Corporate name or jurisdiction name as entry element American Society of Tool and Manufacturing Engineers.
9 (RLIN) 201493
830 #0 - SERIES ADDED ENTRY--UNIFORM TITLE
Uniform title ASTME manufacturing engineering series.
942 ## - ADDED ENTRY ELEMENTS (KOHA)
Source of classification or shelving scheme Dewey Decimal Classification
Koha item type Books
Holdings
Lost status Source of classification or shelving scheme Damaged status Not for loan Collection code Permanent Location Current Location Shelving location Date acquired Source of acquisition Cost, normal purchase price Total Checkouts Full call number Date last seen Copy number Koha item type
  Dewey Decimal Classification   Not For Loan Non-fiction Central Library, University of Rajshahi Central Library, University of Rajshahi Reading Room 09/12/2021 American Book 18.75   621.9 FUN 1964 29/03/2017 C-1 Books
  Dewey Decimal Classification     Non-fiction Central Library, University of Rajshahi Central Library, University of Rajshahi   31/01/1967 American Book 18.75   621.9 FUN 1964 13/02/2019 C-2 Books